The Swami Vivekananda IV. (Record no. 266864)

MARC details
000 -LEADER
fixed length control field 00476nam a2200181Ia 4500
008 - FIXED-LENGTH DATA ELEMENTS--GENERAL INFORMATION
fixed length control field 090630s9999 xx 000 0 und d
082 ## - DEWEY DECIMAL CLASSIFICATION NUMBER
Item number 15008
100 ## - MAIN ENTRY--PERSONAL NAME
Personal name Ashram Adveita.
245 ## - TITLE STATEMENT
Title The Swami Vivekananda IV.
Statement of responsibility, etc Ashram Adveita.
260 ## - PUBLICATION, DISTRIBUTION, ETC. (IMPRINT)
Name of publisher, distributor, etc Almora Mayavati.
Date of publication, distribution, etc 1909
300 ## - PHYSICAL DESCRIPTION
Extent 999
600 ## - SUBJECT ADDED ENTRY--PERSONAL NAME
Personal name Ashram Adveita.
630 ## - SUBJECT ADDED ENTRY--UNIFORM TITLE
Uniform title The Swami Vivekananda IV.
655 ## - INDEX TERM--GENRE/FORM
Genre/form data or focus term English.
700 ## - ADDED ENTRY--PERSONAL NAME
Personal name Ashram Adveita.
730 ## - ADDED ENTRY--UNIFORM TITLE
Uniform title The Swami Vivekananda IV.
942 ## - ADDED ENTRY ELEMENTS (KOHA)
Koha item type Book
Holdings
Withdrawn status Lost status Damaged status Not for loan Home library Current library Date acquired Cost, normal purchase price Total Checkouts Full call number Barcode Date last seen Cost, replacement price Price effective from Koha item type
        Sarvajanik Wachanalaya Shrivardhan Sarvajanik Wachanalaya Shrivardhan   2.50   15008 SAWASHRI-15008 06/30/2009 2.50 06/30/2009 Book